Stanovenie nákladov kapitálu podniku

Všeobecná charakteristika nákladov kapitálu podniku. Spôsob výpočtu a identifikácia niektorých problémov, ktoré sa týkajú určenia trhovej hodnoty vlastného kapitálu a nákladov vlastného kapitálu.

Salvato in:
Dettagli Bibliografici
Autore principale: Jančovičová Bognárová, Kristína, 1979-
Natura: Capitolo di libro
Lingua:slovacco
Soggetti:
Tags: Aggiungi Tag
Nessun Tag, puoi essere il primo ad aggiungerne!!

MARC

LEADER 00000naa a2200000 4500
001 0120987
005 20240502072355.9
041 0 |a slo 
044 |a SK 
245 1 0 |a Stanovenie nákladov kapitálu podniku  |c Kristína Jančovičová Bognárová 
520 |a Všeobecná charakteristika nákladov kapitálu podniku. Spôsob výpočtu a identifikácia niektorých problémov, ktoré sa týkajú určenia trhovej hodnoty vlastného kapitálu a nákladov vlastného kapitálu. 
610 2 0 |a kapitál podnikový 
610 2 0 |a kapitál vlastný 
610 2 0 |a náklady 
610 2 0 |a hodnota trhová 
100 1 |a Jančovičová Bognárová, Kristína, 1979-